00704nam a2200169 a 450000100100000000500170001000800410002704000250006808200160009310000430010924501070015226000470025930000200030604900090032695201820033599900170051700003345720200930070254.0110830s1965 dr 000 0 spa d aDO-SdBNPbspacBNPHU axxxxbB496c1 aBergés Bordas, Domingo Octavio9255110aCartas a mis hijas :bconsejo a las jóvenes que se hacen mujeres /cDomingo Octavio Bergés Bordas. aSanto Domingo :bEditora de Caribe,c1965. a82 p. ;c24 cm. aBNPD 0010718PDaPDbPDcCTd2011-08-30iLF1l0oxxxx B496cp33457-10r2020-06-25w2020-06-25yLFPDzPerteneció a la biblioteca personal de Carlos Larrabazal Blanco.ZNo se presta c32948d32948